| 000 | 00721nam a2200265Ia 4500 | ||
|---|---|---|---|
| 003 | OSt | ||
| 005 | 20221006151247.0 | ||
| 006 | a|||||r|||| 00| 0 | ||
| 007 | ta | ||
| 008 | 221006b |||||||| |||| 00| 0 jpn d | ||
| 020 | _c¥2000 | ||
| 024 | _a21,486 | ||
| 037 |
_bGift, Japan Foundation _cTextual |
||
| 040 |
_aEASL _cEASL _bjpn |
||
| 041 |
_2jpn _ajpn |
||
| 082 | _aY:1.42.M68, N3 | ||
| 100 |
_aTANAKA Yoshio _9658733 |
||
| 245 | 0 | _aJokamachi toyama no chomin to kurashi | |
| 260 |
_aTokyo _bKoka Shoten Japan _c1993 |
||
| 300 |
_a287p. _ccm. |
||
| 490 | _v JL | ||
| 650 | _aJL | ||
| 942 |
_hY:1.42.M68, N3 _cTEXL _2CC |
||
| 999 |
_c1089572 _d1089572 |
||